000 00622nam a2200253Ia 4500
005 20260121161333.0
008 008 260114s9999 xx 000 0 eng d
020 _a9781003059844
037 _aEBOOK
040 _aCRL
040 _beng
040 _cCRL
041 _2eng
041 _aeng
084 _qCRL
100 _aE. J. Snell; H. Simpson
_91043159
245 0 _aApplied Statistics:Handbook of GENSTAT Analysis
260 _bTaylor and Francis
260 _c1991
856 _uhttp://www.taylorfrancis.com/books/9781003059844
942 _cEBOOK
999 _c1609975
_d1609975